OBSTETRICS AND GYNECOLOGY (Record no. 670)

MARC details
000 -LEADER
fixed length control field 00327nam a2200133Ia 4500
008 - FIXED-LENGTH DATA ELEMENTS--GENERAL INFORMATION
fixed length control field 150201s2009 xx 000 0 und d
082 ## - DEWEY DECIMAL CLASSIFICATION NUMBER
Classification number 618
Item number DO9C
100 ## - MAIN ENTRY--PERSONAL NAME
Personal name CALLAHAN,TAMAN
245 ## - TITLE STATEMENT
Title OBSTETRICS AND GYNECOLOGY
250 ## - EDITION STATEMENT
Edition statement 5TH
260 ## - PUBLICATION, DISTRIBUTION, ETC. (IMPRINT)
Name of publisher, distributor, etc. WOLTERKULWER
Place of publication, distribution, etc. DELHI
Date of publication, distribution, etc. 2009
650 ## - SUBJECT ADDED ENTRY--TOPICAL TERM
Topical term or geographic name as entry element OBST & GYNAECOLOGY
942 ## - ADDED ENTRY ELEMENTS (KOHA)
Source of classification or shelving scheme Dewey Decimal Classification
Koha item type Books
Koha issues (borrowed), all copies 2
Holdings
Withdrawn status Lost status Source of classification or shelving scheme Damaged status Not for loan Collection code Home library Current library Shelving location Date acquired Source of acquisition Cost, normal purchase price SGTU Total Checkouts Full call number Barcode Date last seen Date last checked out Bill Date Koha item type
    Dewey Decimal Classification     MEDICAL SGT Medical Library SGT Medical Library Text Book 26/02/2010 U.B.S. DELHI 495.00 SGTU 3 618 DO9C FM3052 29/05/2024 17/05/2024 26/02/2010 Books